| 000 | 01799cam a2200409 a 4500 | ||
|---|---|---|---|
| 999 |
_c160 _d160 |
||
| 001 | .b55584238 | ||
| 003 | OCoLC | ||
| 005 | 20190729115044.0 | ||
| 008 | 960502s1996 nyu 000 j eng | ||
| 010 | _a96143814 | ||
| 015 |
_aGB9665499 _2bnb |
||
| 020 | _a0486289184 (pbk.) | ||
| 020 | _a9780486289182 (pbk.) | ||
| 035 |
_a(OCoLC)34912935 _z(OCoLC)35599475 _z(OCoLC)422696543 |
||
| 040 |
_aDLC _beng _cDLC _dUKM _dBAKER _dOCLCF |
||
| 041 | 1 |
_aeng _afre _hfre |
|
| 042 | _anbic | ||
| 082 | 0 | 0 |
_aFIC MAU _220 |
| 100 | 1 |
_aMaupassant, Guy de, _d1850-1893. _eauthor |
|
| 240 | 1 | 0 |
_aShort stories. _kSelections. _lEnglish & French. |
| 245 | 1 | 0 |
_aBest short stories = _bLes meilleurs contes / _cGuy de Maupassant ; translated and edited by Steven Jupiter. |
| 246 | 3 | 1 | _aMeilleurs contes. |
| 260 |
_aNew York, N.Y. : _bDover Publications, _cc1996. |
||
| 300 |
_ax, 245 p. ; _c22 cm. |
||
| 490 | 1 | _aA dual-language book. | |
| 505 | 0 | 0 |
_tBoule de suif --La _tTellier =The _tTellier establishment -- _tMademoiselle Fifi -- _tMiss Harriet --La _tficelle =The _tpiece of string --La _tparure =The _tnecklace --Le _tHorla =The _tHorla. |
| 546 | _aParallel French text and English translation. | ||
| 600 | 1 | 0 |
_aMaupassant, Guy de, _d1850-1893 _xTranslations into English. |
| 600 | 1 | 7 |
_aMaupassant, Guy de, _d1850-1893. _2fast _0(OCoLC)fst00038127. |
| 655 | 7 |
_aTranslations. _2fast _0(OCoLC)fst01423791. |
|
| 700 | 1 |
_aJupiter, Steven. _eTranslator |
|
| 830 | 0 | _aDual-language book. | |
| 856 | 4 | 2 |
_3Publisher description _uhttp://catdir.loc.gov/catdir/description/dover031/96143814.html |
| 856 | 4 | 1 |
_3Table of contents only _uhttp://catdir.loc.gov/catdir/enhancements/fy1318/96143814-t.html |
| 856 | 4 | 2 |
_3Publisher description _uhttp://www.loc.gov/catdir/description/dover031/96143814.html |
| 942 |
_2ddc _cFIC |
||